| 000 | 00572nam a2200193 a 4500 | ||
|---|---|---|---|
| 003 | MX-MxUPN | ||
| 005 | 20240808063817.0 | ||
| 008 | 991125s1932 mx a r 000 0 spa d | ||
| 035 | _aUPN01000000044 | ||
| 040 |
_aMX-MxUPN _bspa _cMX-MxUPN |
||
| 041 | 0 | _aspa | |
| 050 | 1 | 4 |
_aS535 M6 _bM3.2 |
| 100 | 1 |
_aMartino, César _952903 |
|
| 245 | 1 | 0 | _a12 Lecciones sobre agricultura por correspondencia |
| 260 |
_aMéxico : _bTalleres Gráficos de la Nación, _c1932. |
||
| 300 |
_a46 páginas : _bilustraciones |
||
| 650 | 4 |
_aEducación agrícola _zMéxico _914686 |
|
| 942 |
_2lcc _cLIBRO |
||
| 999 |
_c44 _d44 |
||